CARE OF THE NEWBORN (Record no. 14681)
[ view plain ]
| 000 -LEADER | |
|---|---|
| fixed length control field | 00296nam a22001457a 4500 |
| 003 - CONTROL NUMBER IDENTIFIER | |
| control field | SGT |
| 082 ## - DEWEY DECIMAL CLASSIFICATION NUMBER | |
| Classification number | 618.92 |
| Item number | C17S |
| 100 ## - MAIN ENTRY--PERSONAL NAME | |
| Personal name | SINGH, MEHRBAN |
| 245 ## - TITLE STATEMENT | |
| Title | CARE OF THE NEWBORN |
| 250 ## - EDITION STATEMENT | |
| Edition statement | 8TH |
| 260 ## - PUBLICATION, DISTRIBUTION, ETC. (IMPRINT) | |
| Place of publication, distribution, etc | INDIA |
| Name of publisher, distributor, etc | CBS |
| Year of Publication | 2017 |
| 300 ## - PAGE DESCRIPTION | |
| No. of Pages | 644 |
| 650 ## - SUBJECT ADDED ENTRY--TOPICAL TERM | |
| Topical term or geographic name as entry element | PEDIATRIC |
| 942 ## - ADDED ENTRY ELEMENTS (KOHA) | |
| Source of classification or shelving scheme | Dewey Decimal Classification |
| Koha item type | Books |
| Withdrawn status | Lost status | Source of classification or shelving scheme | Damaged status | Not for loan | Collection code | Home library | Current library | Shelving location | Date acquired | Vendor Name | Cost, normal purchase price | SGTU | Bill Number | Total Checkouts | Full call number | Accession No. (Barcode) | Date last seen | Date last borrowed | Bill Date | Koha item type |
|---|---|---|---|---|---|---|---|---|---|---|---|---|---|---|---|---|---|---|---|---|
| Dewey Decimal Classification | MEDICAL | SGT Medical Library | SGT Medical Library | Text Book | 24/01/2018 | ABC | 1095.00 | SGTU | 8703 | 3 | 618.92 C17S | FM9551 | 17/07/2021 | 16/06/2021 | 02/09/2017 | Books |